000 00410nam a2200145Ia 4500
008 220217s9999||||xx |||||||||||||| ||und||
020 _a81-7808-111-3
082 _a005.1 KNU
100 _aKnuth, Donald E.
_91238
245 0 _afundamentals algorithams : the art of computer programming
250 _a3rd
260 _aAddison Wesley
_bHarlow
_c2000
300 _b350
650 _aPROGRAMMING LANGUAGE
999 _c166124
_d166124